| 000 | 01241nam a2200265Ia 4500 | ||
|---|---|---|---|
| 999 |
_c52909 _d52909 |
||
| 001 | 19939 | ||
| 003 | GE_BSU | ||
| 005 | 20250130123516.0 | ||
| 008 | 181216s1976||||ge |||||||||||||| ||geo|| | ||
| 040 | _cGE_BSU | ||
| 041 | _ageo | ||
| 080 | _a81'374(038)+811.353.1 გ-23 | ||
| 100 |
_aგაჩეჩილაძე, პ. _92926 |
||
| 245 |
_aიმერული დიალექტის სალექსიკონო მასალა / _cპ. გაჩეჩილაძე ; რედაქტორი : ა. კიზირია, მ. ქალდანი. |
||
| 264 |
_aთბილისი : _bმეცნიერება, _c1976. |
||
| 300 |
_a182 გვ. ; _c22 სმ |
||
| 541 | _h3ლ. | ||
| 653 | _aქართული ენა | ||
| 653 | _aქართული ენის დიალექტები | ||
| 653 | _aიმერული დიალექტის სალექსიკონო მასალა | ||
| 700 |
_a კიზირია, ა. _eრედაქტორი _98068 |
||
| 700 |
_aმ. ქალდანი _eრედაქტორი _98069 |
||
| 710 |
_aენათმეცნიერების ინსტიტუტი _98070 |
||
| 942 |
_cBK _2udc |
||